000 01163nam a2200325 a 4500
001 BRCA_8572
005 20190320210332.0
008 190816s1657----gw-a######---#000-0#ger-#
041 _ager
044 _agw
050 4 _aD12027
_b.L83
_c1657
100 1 _aGottfridi, Jo. Ludovici
_921466
245 1 0 _aHistorische chronica, oder beschreibung der fürnehmsten
_cJo. Ludovici Gottfridi.
260 _aFrankfurt
_bWolfgang hoffmanns buchdruckerey
_c1657
300 _a1185 p.
_bil.
_c33 cm
500 _aFondo antiguo
500 _aSe encuentra en Caja Fuerte
500 _aW-50
500 _aCon Ex-libris de: Franz Mayer
500 _aMapa en la página 1
500 _aGrabado en anteportada, portada impresa a dos tintas negro y rojo
500 _aIncluye índice alfabético
500 _aEstado físico: páginas 3,19 y 51 presentan roturas
500 _aTexto impreso a dos columnas
500 _aNota de encuadernación: en piel pergamino con tapas de cartón
506 0 _aFondo reservado: para su consulta es necesario credencial de usuario y carta de motivos
650 1 4 _aHistoria general
_921467
902 _aLAR
942 _2lcc
_cB
999 _c8235
_d8235